• AIU
  • Tony Wilmot Memorial Library

Windows 2000 server on site / (Record no. 58728)

MARC details
000 -LEADER
fixed length control field 00988cam a22002774a 4500
001 - CONTROL NUMBER
control field 12442960
003 - CONTROL NUMBER IDENTIFIER
control field OSt
005 - DATE AND TIME OF LATEST TRANSACTION
control field 20140224122056.0
008 - FIXED-LENGTH DATA ELEMENTS--GENERAL INFORMATION
fixed length control field 010615s2001 azua 001 0 eng
010 ## - LIBRARY OF CONGRESS CONTROL NUMBER
LC control number 2001042171
020 ## - INTERNATIONAL STANDARD BOOK NUMBER
International Standard Book Number 157610883X
040 ## - CATALOGING SOURCE
Original cataloging agency DLC
Transcribing agency DLC
Modifying agency DLC
042 ## - AUTHENTICATION CODE
Authentication code pcc
050 00 - LIBRARY OF CONGRESS CALL NUMBER
Classification number QA 76.76.O63
Item number B3595 2001
082 00 - DEWEY DECIMAL CLASSIFICATION NUMBER
Classification number 005.4/4769
Edition number 21
100 1# - MAIN ENTRY--PERSONAL NAME
Personal name Ballew, Joli.
9 (RLIN) 25562
245 10 - TITLE STATEMENT
Title Windows 2000 server on site /
Statement of responsibility, etc Joli Ballew.
260 ## - PUBLICATION, DISTRIBUTION, ETC. (IMPRINT)
Place of publication, distribution, etc Scottsdale, Ariz. :
Name of publisher, distributor, etc Coriolis Group Books,
Date of publication, distribution, etc c2001.
300 ## - PHYSICAL DESCRIPTION
Extent xxiii, 892 p. :
Other physical details ill. ;
Dimensions 24 cm. +
Accompanying material 1 computer optical disc (4 3/4 in.)
500 ## - GENERAL NOTE
General note Includes index.
630 00 - SUBJECT ADDED ENTRY--UNIFORM TITLE
Uniform title Microsoft Windows server.
9 (RLIN) 20933
650 #0 - SUBJECT ADDED ENTRY--TOPICAL TERM
Topical term or geographic name as entry element Operating systems (Computers)
9 (RLIN) 25563
906 ## - LOCAL DATA ELEMENT F, LDF (RLIN)
a 7
b cbc
c orignew
d 1
e ocip
f 20
g y-gencatlg
942 ## - ADDED ENTRY ELEMENTS (KOHA)
Source of classification or shelving scheme Library of Congress Classification
Koha item type Books
Holdings
Withdrawn status Lost status Source of classification or shelving scheme Damaged status Not for loan Collection code Home library Current library Shelving location Date acquired Source of acquisition Cost, normal purchase price Total Checkouts Full call number Barcode Date last seen Copy number Price effective from Koha item type
    Library of Congress Classification     General Circulation AIU/NEGST - Tony Wilmot Memorial Library AIU/NEGST - Tony Wilmot Memorial Library General Stacks 02/24/2014 Donation - Mesfin Teshome 50.00   QA 76.76.O63 B35 2001 R28615J3232 09/26/2019 1 02/24/2014 Books
    Library of Congress Classification       AIU/NEGST - Tony Wilmot Memorial Library AIU/NEGST - Tony Wilmot Memorial Library CD & DVD Cabinet 05/05/2014 Donation 50.00   QA 76.76.O63B3595 2001 CD R289543232 08/12/2014 2 05/05/2014 Compact Disc (Read Only Memory)